Chaos in Astrophysics (Record no. 8642)

MARC details
000 -LEADER
fixed length control field 00908nam a2200229Ia 4500
003 - CONTROL NUMBER IDENTIFIER
control field IN-BaIIA
008 - FIXED-LENGTH DATA ELEMENTS--GENERAL INFORMATION
fixed length control field 211028s9999 xx 000 0 eng d
020 ## - INTERNATIONAL STANDARD BOOK NUMBER
International Standard Book Number 90-277-2125-4
040 ## - CATALOGING SOURCE
Transcribing agency IIA Library
080 ## - UNIVERSAL DECIMAL CLASSIFICATION NUMBER
Universal Decimal Classification number 533-467(082.1)
Item number CHA
111 ## - MAIN ENTRY--MEETING NAME
Meeting name or jurisdiction name as entry element NATO Advanced Research Workshop on Chaos in Astrophysics
Location of meeting Florida
Date of meeting or treaty signing 1984 Apr. 9-11
9 (RLIN) 14501
245 #0 - TITLE STATEMENT
Title Chaos in Astrophysics
Remainder of title proceedings of the NATO advanced Research Workshop on chaos in Astrophysics, held in Palm Coast, Florida, U.S.A., 9-11 April 1984
Statement of responsibility, etc. edited by J.R. Buchler, J.M. Perdang, E.A. Spiegel.
260 ## - PUBLICATION, DISTRIBUTION, ETC.
Place of publication, distribution, etc. Dordrecht
Name of publisher, distributor, etc. D. Reidel Publishing
Date of publication, distribution, etc. 1985
300 ## - PHYSICAL DESCRIPTION
Extent [various pagings.]
650 ## - SUBJECT ADDED ENTRY--TOPICAL TERM
Topical term or geographic name entry element Astronomy and Astrophysics thesaurus
650 ## - SUBJECT ADDED ENTRY--TOPICAL TERM
Topical term or geographic name entry element Astrophysics
9 (RLIN) 794
650 ## - SUBJECT ADDED ENTRY--TOPICAL TERM
Topical term or geographic name entry element Chaos
9 (RLIN) 10923
700 ## - ADDED ENTRY--PERSONAL NAME
Personal name Buchler, J. R., ed.
9 (RLIN) 14502
700 ## - ADDED ENTRY--PERSONAL NAME
Personal name Perdang, J. M., ed.
9 (RLIN) 14503
700 ## - ADDED ENTRY--PERSONAL NAME
Personal name Spiegel, E. A ., ed.
9 (RLIN) 14504
942 ## - ADDED ENTRY ELEMENTS (KOHA)
Koha item type Books
Holdings
Withdrawn status Lost status Damaged status Not for loan Home library Current library Shelving location Date acquired Total Checkouts Full call number Barcode Date last seen Price effective from Koha item type
        IIA Library-Bangalore IIA Library-Bangalore General Stacks 21/03/1986   533-467(082.1)/ CHA 9515 05/11/2021 21/03/1986 Books

Powered by Koha